[Event "89_| Campeonato Brasileiro 2023"]
[Site "Recife"]
[Date "2023.12.16"]
[Round "5.1"]
[White "Fier, Alexandr"]
[Black "Di Berardino, Diego Rafael"]
[Result "1-0"]
[WhiteElo "2545"]
[BlackElo "2477"]
[Annotator "MI Luis Rodi - Stockfish 16 (CB)"]
[PlyCount "103"]
[EventDate "2023.??.??"]
[EventCountry "BRA"]
[WhiteClock "0:10:01"]
[BlackClock "0:05:42"]

{[%evp 23,73,1,8,5,27,31,28,22,39,43,80,56,73,62,69,34,38,0,8,-4,16,25,19,12,
53,60,60,57,69,73,69,61,167,156,333,324,286,315,326,239,210,193,353,353,372,
363,360,368,412,341,29984,29985] A primeira das duas rodadas do dia entregou
partidas sensacionais, de grande luta. Na mesa 1 o grande mestre Alexandr Fier
venceu ao mestre internacional Diego di Berardino em uma Ruy Lopez de
interesse teórico que é o nosso jogo do dia. Fier terminou a rodada como
único líder, já que os mestres que compartilhavam a liderança com ele não
puderam seguir seus passos: na mesa 2 se registrou um lutado empate entre o
grade mestre Renato Quintiliano e o mestre internacional Nathan Filgueiras
após uma interessante Catalã aberta, e na mesa 3 o até então líder, o
grande mestre ernambucano Yago Santiago perdeu em um Gambito de Dama declinado
com cara de Catalã ante o também grande mestre Krikor Mekhitarian. O
condutor das pretas fez tudo bem: obteve iniciativa na abertura com base a sua
maioria de peões na ala de dama, entregou corretamente uma qualidade e impôs
com precisão a sua vantagem. Agora Krikor, Renato e Nathan, ficaram a meio
ponto de Fier. Luis Supi -venceu após lutada partida ao mestre fide Andrey
Souza Neves- e André iamant, que se impôs ante ao mestre fide Wagner Madeira.
Importante vitória do MI oberto Molina ante ao MNl Lucas Piccoli. A surpresa
da rodada foi a derrota do GM Darcy Lima ante ao candidato a mestre Luigy Lira
de Siqueira -representante de Brasília. olina e Lira de Siqueira também se
anotam entre os que correm atrás do líder, a meio ponto.} 1. e4 e5 2. Nf3 Nc6
3. Bb5 a6 4. Ba4 Nf6 5. O-O Be7 6. d3 {Nos últimos anos este lance foi
ganhando espaço, concorrendo diretamente com a linha principal que nasce de
6.Te1 b5 7.Bb3 onde foram descobertas interessantes possibilidades tanto no
gambito Marshall na ordem 7...0–0 quanto na continuação 7...d6 8.c3 0–0
9.h3 Com o lance 6.d3 as brancas não abandonam o plano com c3 e d4: somente o
postergam até ter totalizado o desenvolvimento. Praticamente toda a elite
mundial, começando por Magnus Carlsen, que usa esta idéia, alternando com as
antigas linhas principais} b5 7. Bb3 d6 8. c3 {8.a4 e 8.a3 também são
habituais escolhas no nível magistral. O lance do texto, no entanto, segue
sendo o mais usuado.} O-O 9. a4 {[#] Uma entre diversas possibilidades, embora
seja a quarta em popularidade. Carlsen tem jogado, assim como a opção 9.Te1,
que é a mais usual na prática. 9.Cbd2 e 9.h3 ompletam o leque de opções
brancas nesta posição.} Bd7 {Um lance flexível, defendendo a8 ao tempo que
mantém diversas possibilidades para as peças menores. Foi a escolha do
atual campeão mundial, Ding Liren, nesta posição.} 10. Bc2 {O primeiro
passo para a realização de um futuro d4. As brancas ainda têm que definir a
colocação das peças menores da ala dama -não um tema menor na Ruy Lopez.}
Re8 11. Re1 h6 12. Nbd2 {[%cal Bb1d2,Bd2f1,Bf1e3,Be3f5][%mdl 32]} Bf8 13. h3 {
C90: Closed Ruy Lopez with 7...d6: Early deviations.} Ne7 {Embora o traslado
desta peça a g6 seja um plano típico nas aberturas abertas e nesta posição
concreta foi utilizado por mestres como Peter Leko ou Eugeny Tomashevsky, aqui
pode não ser o lance mais preciso, já que as brancas ganham uma interessante
iniciativa no centro. Na prática a mais usual é 13...Tb8 que parece a mais
exata nesta osição concreta. Alguns exemplos desde aqui são: 14.b4 (14.Cf1
b4 15.d4 bxc3 16.bxc3 exd4 17.cxd4 Cb4= Matlakov - Tomashevsky, Russia rapid
2021; 14.axb5 axb5 15.Cf1 e7 16.d4 Cg6 17.Cg3 c5 18.Be3 Dc7= Grandelius - Ding
Liren, internet rapid 2022; uma posição que pode se comparar com a que surge
na partida) 14...Ce7 15.axb5 axb5 16.d4 Cg6 17.Cb3 Ta8 18.Bd2 Txa1 19.Dxa1
Dc8= Carlsen - Ding Liren, internet rapid 2021} 14. d4 Ng6 15. Nf1 {White has
an edge.} c5 {15...Tb8 16.Cg3 é uma das diferenças com relação às linhas
citadas no comentário ao lance 13 das pretas.} 16. d5 {[#] Uma vez que o
centro ficou fechado, a ação se estabelece pelas alas. Ambos os lados
parecem planejar realizá-las na ala de rei, setor onde as peças do primeiro
jogador parecem mais ativas.} Nh5 {16...Ch7 foi a escolha de Leko nesta
posição. Depois de 17.Be3 Be7 18.b4 - este é um ponto onde as brancas podem
procurar melhoras- 18...c4 19.Dd2 Cg5 20.C1h2 Cxf3+ 21.Cxf3 Ch4 22.Cxh4 Bxh4
23.Ta3 as brancas conservam uma pequena vantagem em Karjakin - Leko, Ningo
2011, porém o grande mestre húngaro obteve o empate.} 17. Kh2 Rb8 $146 {
[#] Este lance, procurando contrajogo na ala de dama, foi a novidade teórica
da partida, melhorando sobre o antecedente 17...Chf4 18.Cg1!± Ulasevich -
Chojnacki, Bydgoszcz 2022. O lance de cavalo a g1 defende h3, permitindo
expulsar o cavalo avançado das pretas com g3, e ao mesmo tempo se libera a
casa f3 para a dama} 18. Ne3 $146 ({Predecessor:} 18. Ng3 Nf6 19. Be3 Qc7 20.
Qd2 Rec8 21. Rec1 b4 22. c4 a5 23. b3 Be7 24. Nf5 Bxf5 25. exf5 {1-0 (32)
Krause,P (2410)-Ter Steeg,R (800) LSS email 2014}) 18... c4 {[#]} 19. axb5 {
Um dos grandes dilemas posicionais na Ruy Lopez, para as brancas, é saber
quando eliminar a tensão na ala de dama com este tipo de troca.
Possivelmente aqui as brancas podiam manter um pouco o statu quo no setor e
preferir jogo direto no outro, por exemplo com 19.g3!? preparando ações
ofensivas enquanto se controla momentaneamente f4. Contra 19...Cf6 as brancas
podem continuar com 20.Tg1² para Df1–g2, enquanto h4 também está nos
planos.} axb5 20. Nf5 $5 {Um lance agressivo, dentro do estilo do condutor das
brancas. Entre outras ideias, o tático Cxe5 pode ser feito em alguns casos.
Porém nesta posição o tratamento mais tranquilo com 20.Tb1 merece
consideração. Uma linha testemunha é 20...Cf6 21.b3 cxb3 22.Txb3 Cf4 23.
Cg1 onde as brancas conservam alguma iniciativa.} Nf6 21. g4 Nf4 $5 {Diego
também está em modo ofensivo. Em outro caso as pretas podiam escolher 21...
Ta8 com posição equilibrada. Uma possível continuação seria 22.Be3 Txa1
23.Dxa1 Dc8 24.Tg1 e o contra-jogo na ala da dama alcança para que as chances
de ambos os lados sejam equivalentes. 24...Db7!]} 22. Bxf4 exf4 23. Qd2 {[#]}
g6 $6 {[%eval 53,29] Por incrível que pareça, afastar o cavalo branco
avançado da ala de rei - considerando que para defender o peão ameaçado em
f4 as pretas devem jogar g5 – mediante esta escala é uma imprecisão. A
direta 23...g5! teria ganho um tempo importante no caso das brancas tentarem
implementar o plano da partida. Depois de 24.C3d4 (24.C5d4 Dc8!„) 24...b4 25.
Cc6 Bxc6 26.dxc6 b3 27.Bb1 Tb6 28.e5 dxe5 29.Dxd8 Txd8 30.c7 Tc8 31.Txe5
Tc6„ a posição oferece chances aos dois lados.} (23... g5 $11 {[%eval 12,
29]}) 24. N5d4 $14 g5 25. Nc6 $1 $14 {Obrigando a uma troca que favorece
claramente ao primeiro jogador. As suas peças vão ser as mais ativas,
enquanto a situação no centro se define resultando em fraquezas no campo
preto que podem ser exploradas.} Bxc6 $1 26. dxc6 {[#]} Qc7 $1 (26... Rb6 {
Falha por} 27. e5 dxe5 28. Qxd8 Rxd8 29. Nxe5 $18) (26... Qb6 27. Qd4 $16) 27.
Ra6 $1 $36 {[%mdl 2048] [#] White has some pressure.} Qc8 $6 {[%eval 167,26] O
começo de um plano agressivo / suicida. 27...Bg7!? 28.Rg2 Ta8 (28...Dc8 29.
Tea1 Cxg4 é outra versão da entrega realizada na partida, porém aqui falha
direto após 30.c7!+-) 29.Txa8 Txa8 30.Cd4+/=} (27... Bg7 $14 {[%eval 61,30]})
28. Rea1 $18 Nxg4+ $2 {[%eval 333,23]} (28... Re7 $16 {[%eval 156,26]} 29. Qe1
(29. Qxd6 Re6 $16) 29... Ne8) 29. hxg4 Qxg4 30. Qd1 {[#] As pretas não têm
compensação suficiente pela peça, mas as brancas ainda devem ser cuidadosas,
dada a exposição do seu rei.} d5 31. Kh1 {Cedendo h2 para o cavalo. O plano
de defesa mais simples e efetivo} dxe4 32. Nh2 Qh4 $2 {[%eval 353,29]} (32...
Qxd1+ {[%eval 193,29] Era necessário} 33. Bxd1 (33. Rxd1 Rbc8 $16) 33... Bd6)
33. c7 Rbc8 34. Qd7 $1 {Este lance fecha a partida, combinando defesa pelas
casas brancas com ataque ao rei adversário. A ameaça é jogar a torre em f6}
f3 {[#]} ({Se} 34... Qxf2 35. Rf6 Be7 36. Rxh6 f3 37. Rg1 $18) ({Caso as
pretas evitassem Tf6 com} 34... g4 {Stockfish 16 propõe 3 boas alternativas
para as brancas:: 1)} 35. Bxe4 ({Stockfish 16:2)} 35. Qxg4+ Qxg4 36. Nxg4 Bg7
37. Nxh6+ Bxh6 38. Rxh6 Kg7 39. Rh5 Rxc7 40. Rg1+ Kf6 41. Rg4 Rd7 42. Rxf4+ Kg6
43. Rxb5 f5 44. Rbxf5 Rd2 45. Bxe4 Rxe4 46. Rf6+ Kg5 47. Rxe4 Kxf6 48. Kg2 Rxb2
49. Rxc4 Rc2 50. Kf3 Kf5 51. Ke3 Rc1 52. f3 Re1+ 53. Kd2 Rg1 54. Rd4 Rg2+ 55.
Kd3 Rg3 56. Ke3 Ke5 57. Rg4 Rh3 58. c4 Kd6 59. Rg5 Rh1 60. Rd5+ Kc6 61. Ke4 Rc1
62. Rd4 Rc3 63. f4 {[%eval 485,43]}) ({Stockfish 16:3)} 35. Qf5 g3 36. fxg3
fxg3 37. Qg4+ Qg5 38. Qxg5+ hxg5 39. Ng4 Bg7 40. Rc6 f5 41. Ne3 Be5 42. Nxf5
Rxc7 43. Bxe4 Rxc6 44. Bxc6 Rf8 45. Nh6+ Kg7 46. Ng4 Bf4 47. Ra7+ Rf7 48. Rxf7+
Kxf7 49. Bxb5 Ke7 50. Bxc4 Bc1 51. b3 Bd2 52. Kg2 Bxc3 53. Kxg3 Kd6 54. Ne3 Kc5
55. Nc2 Ba5 56. Kg4 Bd8 57. Kf5 Be7 58. Ke4 Bf6 59. Be2 Bc3 60. Kd3 Bf6 61. b4+
Kb5 62. Ke4+ Kb6 63. Ne3 Kc6 64. Nd5 Bb2 65. Ne7+ Kb6 66. Kd3 Ba3 67. Nd5+ Kc6
68. Kc4 Bxb4 69. Nxb4+ Kd7 {[%eval 328,43]}) 35... g3 36. fxg3 fxg3 37. Qg4+
Qxg4 38. Nxg4 Re7 39. Nf6+ Kh8 40. Ra8 Rexc7 41. Kg2 Kg7 42. Ne8+ Rxe8 43. Rxe8
b4 44. Kxg3 Bd6+ 45. Kf3 h5 46. Rg1+ Kf6 47. Rd1 Be5 48. Rf1 Bd6 49. Ke2+ Kg7
50. Rg1+ Kf6 51. Rd1 Bc5 52. Rf1+ Kg7 53. Re5 h4 54. cxb4 Ba7 55. Rh5 c3 56.
Rxh4 cxb2 57. Bb1 Rc3 {[%eval 487,43]}) 35. Rf6 $1 {[%cal Ba6f6,Bf6f7,Bf7f3]
[%mdl 32]} Be7 {Fier fecha o jogo mostrando as habilidades táticas que o
fizeram famoso já no começo de sua carreira.} 36. Rxf7 Qxf2 $2 {[%eval 32736,
33] [#]} (36... Kxf7 $18 {[%eval 341,39]} 37. Ra6 Qf4 38. Rxh6 (38. Qe6+ Kf8
$11) ({Stockfish 16:1)} 38. Ng4 Kf8 39. Rxh6 Rxc7 40. Qe6 Rd8 41. Rh8+ Kg7 42.
Qh6+ Kf7 43. Rh7+ Ke8 44. Qe6 Kf8 45. Ne5 Qc1+ 46. Kh2 Qf4+ 47. Kh3 g4+ 48.
Nxg4 Bg5 49. Rxc7 Qxc7 50. Qf5+ Qf7 51. Qxg5 Rd5 52. Qh6+ Ke7 53. Kg3 Rh5 54.
Qe3 Qd5 55. Qxe4+ Qxe4 56. Bxe4 Kd6 57. Kxf3 Rh1 58. Ke2 Ra1 59. Ne3 Ke5 60.
Bc6 Ra5 61. Nd1 Kf4 62. Kd2 Ke5 63. Ke3 Kd6 64. Bf3 Ra7 65. Be4 Ra1 66. Bc2 Rc1
67. Kd2 Ra1 68. f4 Ke7 69. Ke2 Ra8 70. Ke3 Rg8 71. Be4 Rg1 72. Bf3 Kd6 73. Ke4
Re1+ 74. Ne3 Rb1 75. Nd1 Rc1 76. f5 Rc2 77. Bh5 Rh2 78. Be8 b4 79. f6 bxc3 80.
bxc3 Rh4+ 81. Kf3 Rh3+ 82. Kf4 Rh4+ 83. Kg3 Re4 84. f7 Ke7 85. Kf3 Rh4 {
[%eval 399,49]}) ({Stockfish 16:2)} 38. Rxh6 Kf8 39. Ng4 Rxc7 40. Qe6 Rd8 41.
Rh8+ Kg7 42. Qh6+ Kf7 43. Rh7+ Ke8 44. Qe6 Kf8 45. Ne5 Qc1+ 46. Kh2 Qf4+ 47.
Kh3 g4+ 48. Nxg4 Bg5 49. Rxc7 Qxc7 50. Qf5+ Qf7 51. Qxg5 Rd5 52. Qh6+ Ke7 53.
Kg3 Rh5 54. Qe3 Qd5 55. Qxe4+ Qxe4 56. Bxe4 Kd6 57. Kxf3 Rh1 58. Ke2 Ra1 59.
Ne3 Ke5 60. Bc6 Ra5 61. Nd1 Kf4 62. Kd2 Ke5 63. Ke3 Kd6 64. Bf3 Ra7 65. Be4 Ra1
66. Bc2 Rc1 67. Kd2 Ra1 68. f4 Ke7 69. Ke2 Ra8 70. Ke3 Rg8 71. Be4 Rg1 72. Bf3
Kd6 73. Ke4 Re1+ 74. Ne3 Rb1 75. Nd1 Rc1 76. f5 Rc2 77. Bh5 Rh2 78. Be8 Rh4+
79. Kf3 b4 80. Nf2 Ke7 81. Bg6 Rh8 {[%eval 399,49]}) ({Stockfish 16:3)} 38.
Qe6+ Kf8 39. Qxh6+ Kf7 40. Qg6+ Kf8 41. Ng4 Qxg4 42. Qh6+ Kf7 43. Qh7+ Kf8 {
[%eval 0,48]}) 38... Kf8) 37. Rxf3 $1 {[%mdl 576] Defesa ativa! Diego
abandonou, porque a captura da torre com o peão abre a diagonal do bsipo de
forma decisiva: [37...exf3 38.De6+ Rg7 39.Dg6+ Rf8 40.Dh6+ Rf7 41.Bg6+
ganhando, por exemplo: 41...Re6 42.Bxe8+ Bf6 43.Dh3+ g4 44.Dxg4+ Re5 45.Cf3++
etc. Precisão: Brancas 82%, Pretas 40%. Stockfish 16 anuncia mate em 15
lances:} exf3 38. Qe6+ Kg7 39. Qg6+ Kf8 40. Qxh6+ Kf7 41. Bg6+ Ke6 42. Bxe8+
Kf5 43. Qg6+ Kf4 44. Qf7+ Ke4 45. Qxe7+ Kd3 46. Bg6+ Kd2 47. Nf1+ Qxf1+ 48.
Rxf1 Rh8+ 49. Kg1 f2+ 50. Rxf2+ Kd1 51. Rf1+ Kd2 52. Qe1# {[%eval 32738,74]}
1-0

[Event "89_| Campeonato Brasileiro 2023"]
[Site "Recife"]
[Date "2023.12.16"]
[Round "5.2"]
[White "Quintiliano Pinto, Renato Rodrigues"]
[Black "Filgueiras, Nathan Felipe"]
[Result "1/2-1/2"]
[WhiteElo "2489"]
[BlackElo "2295"]
[PlyCount "101"]
[EventDate "2023.??.??"]
[EventCountry "BRA"]
[TimeControl "90+30"]
[WhiteClock "0:00:50"]
[BlackClock "0:01:33"]

{[%evp 17,101,47,49,0,1,0,0,0,0,0,1,-27,-34,-40,-11,-14,-12,-11,-13,-16,-13,
-14,-9,-11,-9,-21,0,0,0,0,1,0,0,0,3,2,4,2,2,2,4,4,4,4,4,4,10,2,2,5,5,2,3,0,0,0,
8,0,0,0,0,0,5,5,11,7,8,0,0,0,0,0,0,0,0,0,0,0,0,0,0,0,0,0,0,0]} 1. d4 {[%emt 0:
00:00]} Nf6 {[%emt 0:00:00]} 2. Nf3 {[%emt 0:00:00]} e6 {[%emt 0:00:00]} 3. g3
{[%emt 0:00:00]} d5 {[%emt 0:00:00]} 4. c4 {[%emt 0:00:00]} dxc4 {[%emt 0:00:
00]} 5. Bg2 {[%emt 0:00:00]} a6 {[%emt 0:00:00]} 6. O-O {[%emt 0:00:00]} b5 {
[%emt 0:00:00]} 7. Ne5 {[%emt 0:00:00]} Nd5 {[%emt 0:00:00]} 8. a4 {[%emt 0:00:
00]} Bb7 {[%emt 0:00:00]} 9. b3 {[%emt 0:00:00]} c3 {[%emt 0:00:00] With the
idea ...b4.} 10. axb5 {[%eval 1,33] [%emt 0:00:00] E04: Open Catalan: 5 Nf3.} (
10. e4 $14 {[%eval 49,28]} c2 11. Qxc2) 10... axb5 $11 {[%emt 0:00:00]} 11.
Rxa8 {[%emt 0:00:00]} Bxa8 {[%emt 0:00:00]} 12. e4 {[%emt 0:00:00]} b4 $1 {
[%emt 0:00:00]} 13. exd5 {[%emt 0:00:00]} Bxd5 {[%emt 0:00:00]} 14. Bxd5 {
[%emt 0:00:00]} Qxd5 {[%emt 0:00:00]} 15. Qd3 {[%emt 0:00:00]} Bd6 {[%emt 0:00:
00]} (15... f6 $5 {[%cal Rf6e5]} 16. Nc4 Nc6 $11) 16. Nxc3 {[%emt 0:00:00] The
position is equal.} bxc3 {[%emt 0:00:00]} 17. Qxc3 {[%emt 0:00:00]} O-O {
[%emt 0:00:00]} 18. Bb2 $146 {[%emt 0:00:00]} ({Predecessor:} 18. Be3 Na6 19.
Nc6 Nb8 20. Ne5 Bxe5 21. dxe5 Nc6 22. f4 Rb8 23. Rc1 Rxb3 24. Qxc6 Qxc6 25.
Rxc6 Rxe3 26. Rxc7 {0-1 (49) Duchene,R (2221)-Overeem,M (2288) Haarlem 2008})
18... Bxe5 {[%emt 0:00:00]} 19. dxe5 {[%emt 0:00:00]} c5 {[%emt 0:00:00]} 20.
Rc1 {[%emt 0:00:00]} Nd7 {[%emt 0:00:00]} 21. Qc2 {[%emt 0:00:00]} Nxe5 {
[%emt 0:00:00]} 22. Bxe5 {[%emt 0:00:00]} Qxe5 {[%emt 0:00:00]} 23. Qxc5 {
[%emt 0:00:00][%mdl 4096] Endgame KQR-KQR} Qb2 {[%emt 0:00:00]} 24. b4 {
[%emt 0:00:00]} g6 {[%emt 0:00:00]} 25. Qc3 {[%emt 0:00:00]} Qe2 {[%emt 0:00:
00]} 26. Re1 {[%emt 0:00:00]} Qa6 {[%emt 0:00:00]} 27. Qe5 {[%emt 0:00:00]} Qb6
{[%emt 0:00:00]} 28. b5 {[%emt 0:00:00]} Rc8 {[%emt 0:00:00]} 29. Rd1 {[%emt 0:
00:00]} Qb7 {[%emt 0:00:00]} 30. Rb1 {[%emt 0:00:00]} Qb6 {[%emt 0:00:00]} 31.
Rd1 {[%emt 0:01:05]} Qb7 {[%emt 0:00:00]} 32. h3 {[%emt 0:01:58]} h5 {[%emt 0:
00:00]} 33. Rb1 {[%emt 0:05:53]} Qb6 {[%emt 0:00:00]} 34. Qf6 {[%emt 0:00:31]}
Rb8 {[%emt 0:01:38]} 35. Rb3 {[%emt 0:01:23]} Qd6 {[%emt 0:01:27] [#] Hoping
for ...Qd1+.} 36. Qf3 {[%emt 0:02:52]} e5 {[%emt 0:01:16]} 37. Rb1 {[%emt 0:00:
46]} Kg7 {[%emt 0:01:43]} 38. Qe3 {[%emt 0:01:00]} Rb6 {[%emt 0:00:32]} 39. h4
{[%emt 0:00:13]} Qf6 {[%emt 0:06:04]} 40. Qc5 {[%emt 0:01:03]} Qe6 {[%emt 0:01:
39]} 41. Re1 {[%emt 0:00:45]} e4 {[%emt 0:04:52]} 42. Re3 {[%emt 0:00:28]} Rd6
{[%emt 0:00:45]} 43. Kg2 {[%emt 0:00:42]} Kh7 {[%emt 0:00:26]} 44. Qb4 {
[%emt 0:02:06]} Rb6 {[%emt 0:00:39]} 45. Qc5 {[%emt 0:00:46]} Rd6 {[%emt 0:00:
18]} 46. Re2 {[%emt 0:00:15]} Rd5 {[%emt 0:01:33]} 47. Qc4 {[%emt 0:00:33]} Qf5
{[%emt 0:00:22] [#] ( -> ...Qf3+)} 48. Rxe4 {[%emt 0:00:23]} Rc5 {[%emt 0:01:
07]} 49. Qd4 {[%emt 0:01:20] Black must now prevent Rf4.} Rd5 {[%emt 0:00:35]}
50. Qc4 {[%emt 0:00:38] Strongly threatening Re7.} Rc5 {[%emt 0:00:01]} 51. Qd4
{[%emt 0:01:30] Accuracy: White = 95%, Black = 95%.} 1/2-1/2